000
00298nam a2200121Ia 4500
005
20251222141944.0
008
251222s9999||||xx |||||||||||||| ||spa||
020
_a
978-9972-2970-1-4
082
_a
338.985/O77/2006
245
0
_a
Diagnóstico para el Desarrollo 2006:
264
_b
OSEL
942
_c
LIB
999
_c
9464
_d
9464